000 00504nam a2200169Ia 4500
008 240729s9999 xx 000 0 und d
022 _a2253-5969
245 0 _aJournal of Hepatocellular Carcinoma
260 _aUnited Kingdom
260 _bDove Medical Press
650 _a Internal medicine
650 _a Neoplasms. Tumors. Oncology. Including cancer and carcinogens
650 _aMedicine
856 _uhttps://doaj.org/toc/77574d87f6ab4882acc07091941028a9
942 _2ddc
942 _cDOAJEJ
999 _c73620
_d73620
945 _a1
_bMadushi Gamage
_c1
_dMadushi Gamage